The Trickster Lyrics, by Radiohead - Statistics

General Stats
  • This quiz has been taken 6 times
  • The average score is 98 of 166
Answer Stats
Answer % Correct
A
100%
I
100%
the
100%
The
100%
in
80%
In
80%
is
80%
mountains
80%
of
80%
on
80%
so
80%
Trickster
80%
We
80%
we
80%
you
80%
your
80%
air
60%
bad
60%
claim
60%
couldn't
60%
halfway
60%
here
60%
He's
60%
Hey
60%
hey
60%
meaningless
60%
only
60%
Out
60%
out
60%
reach
60%
rooftops
60%
sacred
60%
talking
60%
Talking
60%
That
60%
This
60%
Up
60%
want
60%
wanted
60%
weak
60%
Who
60%
world
60%
All
40%
apart
40%
brain
40%
can
40%
carefully
40%
check
40%
do
40%
fall
40%
gloves
40%
Long
40%
Lost
40%
my
40%
not
40%
perfect
40%
Police
40%
Rust
40%
say
40%
spite
40%
Their
40%
these
40%
These
40%
things
40%
to
40%
white
40%
worms
40%
brick
20%
chestnut
20%
child
20%
climb
20%
down
20%
dust
20%
Escaped
20%
facsimile
20%
from
20%
kids
20%
tree
20%
Truant
20%
We're
20%
zoo
20%
No matching quizzes found
Score Distribution
Percent of People with Each Score
Percentile by Number Answered
Your Score History
You have not taken this quiz